کليا ت منٹو( منٹو کے ا فسا نے جلد- د و م ) (Record no. 175073)

MARC details
000 -LEADER
fixed length control field 00695nam a22001937a 4500
005 - DATE AND TIME OF LATEST TRANSACTION
control field 20200806144157.0
010 ## - LCCN (DPL NO)
LC control number B-122957
020 ## - INTERNATIONAL STANDARD BOOK NUMBER
Terms of availability 350.00
International Standard Book Number 8182230683
035 ## - SYSTEM CONTROL NUMBER
System control number B-122957
037 ## - SOURCE OF ACQUISITION
Source of stock number/acquisition BPPD/PUB
Stock number -
082 ## - DEWEY DECIMAL CLASSIFICATION NUMBER
Classification number ک
100 ## - MAIN ENTRY--PERSONAL NAME
Personal name منٹو سعا د ت حسن
245 ## - TITLE STATEMENT
Title کليا ت منٹو( منٹو کے ا فسا نے جلد- د و م )
Statement of responsibility, etc منٹو سعا د ت حسن
246 ## - VARYING FORM OF TITLE
Remainder of title Kulliyat-e-Manto(Manto Ke Afsane--Vol.2) (Urdu)
Title proper/short title by Sadat Hasan Manto
260 ## - PUBLICATION, DISTRIBUTION, ETC. (IMPRINT)
Place of publication, distribution, etc N.Delhi
Name of publisher, distributor, etc Educational Publishing House
Date of publication, distribution, etc 2005 ء
270 ## - ADDRESS
Address 3108,Vakil Street,Kucha Pndit Lal kuan
City Delhi
Postal code 110006
Telephone number 23216162
Fax number -
300 ## - PHYSICAL DESCRIPTION
Extent 1360 ص
Dimensions 22 Cm(Hb)
942 ## - ADDED ENTRY ELEMENTS (KOHA)
Source of classification or shelving scheme Dewey Decimal Classification
Item type Urdu Bks
Classification part ک
Call number suffix م ن ٹ

No items available.


© Delhi Public Library
Hit Counter
free hit counter